000
00320nam a2200133Ia 4500
008
260604s9999 xx 000 0 und d
020
_a
9781032736341
082
_a
174.4 STE
100
_a
Abraham stefanidis
_9
35687
245
0
_a
Global Business Ethics
260
_b
Routledge
500
_a
Business Ethics
942
_c
BK
999
_c
8511
_d
8511